000 00768cab a2200253 4500
001 WB3138-49
008 090401t1995 xxu||||| |||| 00| 0 eng d
035 _a(Sirsi) u68287
041 _aeng
245 _aFreehold campaign wins new lease of life
260 _c1995
350 _a0
490 _aTimes
_v7 October 1995, 31(1)
520 _aLeaseholders of the South Kensington Estate win more time to respond to notices offering first refusal of freehold.
650 _aFIRST REFUSAL
650 _aFREEHOLD PURCHASE
650 _aLANDLORD AND TENANT ACT 1987
650 _aLEASEHOLD REFORM
650 _aMANAGEMENT SCHEME
650 _aSOUTH KENSINGTON ESTATE
690 _aLANDLORD AND TENANT-LEASEHOLD REFORM
942 _n0
948 _c04/03/1997
999 _c42838
_d42838